| 000 | 00393nam a22001577a 4500 | ||
|---|---|---|---|
| 005 | 20180811110848.0 | ||
| 008 | 160618b xxu||||| |||| 00| 0 eng d | ||
| 020 | _a81-7929-087-5 | ||
| 082 |
_b8130 _a658.312 43 |
||
| 100 |
_aKapur, Shashi _91860 |
||
| 245 | _aA Practical Handbook for Trainers | ||
| 260 |
_bInfinity Book _c2004 |
||
| 300 | _a243p, | ||
| 650 |
_aManagement _9241 |
||
| 942 | _cBK | ||
| 999 |
_c3097 _d3096 |
||